<?xml version="1.0" encoding="UTF-8"?>
<record
    xmlns:xsi="http://www.w3.org/2001/XMLSchema-instance"
    xsi:schemaLocation="http://www.loc.gov/MARC21/slim http://www.loc.gov/standards/marcxml/schema/MARC21slim.xsd"
    xmlns="http://www.loc.gov/MARC21/slim">

  <leader>03595pam a22003854a 4500</leader>
  <controlfield tag="003">PE-LiUPU</controlfield>
  <controlfield tag="005">20250731184611.0</controlfield>
  <controlfield tag="008">030602s2003    inuab    b    001 0 eng  </controlfield>
  <datafield tag="020" ind1=" " ind2=" ">
    <subfield code="a">9781575062341</subfield>
  </datafield>
  <datafield tag="040" ind1=" " ind2=" ">
    <subfield code="a">DLC</subfield>
    <subfield code="c">PE-LiUPU</subfield>
    <subfield code="d">PE-LiUPU</subfield>
    <subfield code="b">spa</subfield>
    <subfield code="e">rda</subfield>
  </datafield>
  <datafield tag="082" ind1="0" ind2="0">
    <subfield code="a">939.4</subfield>
    <subfield code="2">23</subfield>
    <subfield code="b">N354</subfield>
  </datafield>
  <datafield tag="245" ind1="0" ind2="0">
    <subfield code="a">Near Eastern archaeology :</subfield>
    <subfield code="b">a reader /</subfield>
    <subfield code="c">editado por Suzanne Richard.</subfield>
  </datafield>
  <datafield tag="264" ind1=" " ind2=" ">
    <subfield code="a">Winona Lake, Indiana :</subfield>
    <subfield code="b">Eisenbrauns,</subfield>
    <subfield code="c">2003.</subfield>
  </datafield>
  <datafield tag="300" ind1=" " ind2=" ">
    <subfield code="a">xviii, 486 p&#xE1;ginas :</subfield>
    <subfield code="b">ilustraciones, mapas ;</subfield>
    <subfield code="c">24 cent&#xED;metros.</subfield>
  </datafield>
  <datafield tag="504" ind1=" " ind2=" ">
    <subfield code="a">Incluye referencias bibliogr&#xE1;ficas e &#xED;ndice.</subfield>
  </datafield>
  <datafield tag="505" ind1=" " ind2=" ">
    <subfield code="a">Theory, Method, ad Context -- Geography of the Levant -- Paleoenvironments of the Levant -- Archaeozoology &#x2013; Paleoethnobotany -- Method and Theory in Syro-Palestinian Archaeology --  Bible and Archaeology -- Levantine Archaeology -- Text Sources for Levantine Archaeology: The Bible -- Writing and Scripts (with Special Reference to the Levant) -- Semitic Languages (with Special Reference to the Levant) -- Writing: The Archaeology of Writing (Writing Materials) --  Northwest Semitic Epigraphic Sources -- Chronology of the Southern Levant &#x2013; Suver of Preclassical Architecture in the Levant -- Bronze and Iron Age Burials and Funerarv Custons in the Southern Levant -- Subsistence Pastoralism -- Agriculture -- Roads and Highways -- Nautical Archaeologv in the Eastern Mediterranean -- Ethnography Ethnoarchaeology -- Ethnicitv and Material Culture -- Women in the Ancient Near East -- Everyday Life (Customs, Manners, and Laws) -- Archaeological Survev in the Southern Levant -- Restoration of Ancient Monuments: Theory and Practice -- Metalworking Mining in the Levant -- Weapons and Warfare in Ancient Syria-Palestine -- Ceramics/Kilns Gloria London Jewelry in the Levant -- The Mosaics of Jordan -- Numismatics (Minting and Monetary Systems/Coinage) in the Levant --  Scarabs &#x2013; GIS and Archaeological Survey -- Computer Applications in Archacology -- Cultural Phases and Associated Topics -- The Paleolithic in Syria-Palestine -- The Neolithic Period -- Prehistoric Chipped-Stone Technology -- The Chalcolithic of the Southern Levant -- The Nahal Mishmar Hoard from the Judean Desert -- Negev -- The Early Bronze Age in the Southern Levant --  Southern Sinai in the Early Bronze Age II -- Theory in Archaeology: Culture Change at the End of the Early Bronze Age -- Archaeology of the Dead Sea Plain in Jordan -- The Middle Bronze Age (circa 2000-1500 B.C.E.) -- Canaanite Religion -- The Late Bronze Age -- El-Amarna Texts --  Trade and Exchange in the Levant -- The Iron Age in the Southern Levant &#x2013; Religion and Cult in the Levant: The Archacological Data -- Goddesses Susan Ackerman Svria-Palestine in the Persian Period -- The Sanmaritans -- The Hellenistic Period -- Nabateans -- Classical Text Sources in the Levant -- Jewish Art and Iconography in the Land of Israel -- Synagogues in the Land of Israel -- Golan Synagogues -- Early Christian Iconography -- Early Christian Churches in Israel.</subfield>
  </datafield>
  <datafield tag="526" ind1=" " ind2=" ">
    <subfield code="a">P136</subfield>
  </datafield>
  <datafield tag="526" ind1=" " ind2=" ">
    <subfield code="a">P135</subfield>
  </datafield>
  <datafield tag="526" ind1=" " ind2=" ">
    <subfield code="a">P134</subfield>
  </datafield>
  <datafield tag="526" ind1=" " ind2=" ">
    <subfield code="a">P133</subfield>
  </datafield>
  <datafield tag="526" ind1=" " ind2=" ">
    <subfield code="a">P144</subfield>
  </datafield>
  <datafield tag="526" ind1=" " ind2=" ">
    <subfield code="a">P143</subfield>
  </datafield>
  <datafield tag="526" ind1=" " ind2=" ">
    <subfield code="a">P87</subfield>
  </datafield>
  <datafield tag="526" ind1=" " ind2=" ">
    <subfield code="a">P35</subfield>
  </datafield>
  <datafield tag="526" ind1=" " ind2=" ">
    <subfield code="a">P20</subfield>
  </datafield>
  <datafield tag="526" ind1=" " ind2=" ">
    <subfield code="a">P14</subfield>
  </datafield>
  <datafield tag="526" ind1=" " ind2=" ">
    <subfield code="a">P10</subfield>
  </datafield>
  <datafield tag="526" ind1=" " ind2=" ">
    <subfield code="a">P06</subfield>
  </datafield>
  <datafield tag="650" ind1="1" ind2="4">
    <subfield code="a">Arqueolog&#xED;a</subfield>
    <subfield code="z">Cercano Oriente</subfield>
    <subfield code="x">Historia.</subfield>
    <subfield code="9">3739</subfield>
  </datafield>
  <datafield tag="651" ind1="2" ind2="4">
    <subfield code="a">Cercano Oriente</subfield>
    <subfield code="x">Antig&#xFC;edades.</subfield>
    <subfield code="9">3740</subfield>
  </datafield>
  <datafield tag="700" ind1="1" ind2=" ">
    <subfield code="a">Richard, Suzanne,</subfield>
    <subfield code="d">1947-</subfield>
  </datafield>
  <datafield tag="942" ind1=" " ind2=" ">
    <subfield code="2">ddc</subfield>
    <subfield code="c">BK</subfield>
    <subfield code="n">0</subfield>
  </datafield>
  <datafield tag="999" ind1=" " ind2=" ">
    <subfield code="c">62315</subfield>
    <subfield code="d">62314</subfield>
  </datafield>
  <datafield tag="980" ind1=" " ind2=" ">
    <subfield code="6">18226</subfield>
    <subfield code="a">Jaime Vilcaz&#xE1;n Jefe de An&#xE1;lisis Documental</subfield>
    <subfield code="8">1</subfield>
    <subfield code="g">ALBERTO SANCHEZ Responsable de Automatizaci&#xF3;n</subfield>
  </datafield>
  <datafield tag="952" ind1=" " ind2=" ">
    <subfield code="r">2025-12-03 00:00:00</subfield>
    <subfield code="l">0</subfield>
    <subfield code="o">939.4 N354</subfield>
    <subfield code="p">81922</subfield>
    <subfield code="t">e1</subfield>
    <subfield code="v">56.95</subfield>
    <subfield code="w">2024-02-22</subfield>
    <subfield code="x">FT</subfield>
    <subfield code="y">BK</subfield>
    <subfield code="1">0</subfield>
    <subfield code="2">ddc</subfield>
    <subfield code="5">0</subfield>
    <subfield code="7">0</subfield>
    <subfield code="8">GEN</subfield>
    <subfield code="f">P35</subfield>
    <subfield code="a">BUL</subfield>
    <subfield code="b">BUL</subfield>
    <subfield code="c">GEN</subfield>
    <subfield code="d">2022-02-02</subfield>
    <subfield code="e">Donaci&#xF3;n</subfield>
  </datafield>
</record>
